| 000 | 00968cam a22003137a 4500 | ||
|---|---|---|---|
| 001 | 16488909 | ||
| 003 | US-DLC | ||
| 005 | 20171211095132.0 | ||
| 008 | 101004s2012 maua 001 0 eng d | ||
| 010 | _a 2010938583 | ||
| 016 | 7 |
_a015649273 _2Uk |
|
| 020 | _a1439079021 | ||
| 020 | _a9781439079027 | ||
| 035 | _a(OCoLC)ocn659993711 | ||
| 040 |
_aYDXCP _cYDXCP _dJBL _dBWX _dNUI _dUKMGB _dOKN _dQUE _dOCLCF _dDLC |
||
| 041 | _aeng | ||
| 042 | _alccopycat | ||
| 080 | _a004 SHE | ||
| 082 | 0 | 4 |
_a004 SHE _222 |
| 100 | 1 | _a30 | |
| 101 | _aSHKI | ||
| 245 | 1 | 0 |
_aMicrosoft Access 2010 : _cGary B. Shelly, Philip J. Pratt, Mary Z. Last. |
| 246 | 3 | 0 | _aAccess 2010 |
| 800 | 1 |
_aShelly, Gary B. _tShelly Cashman series. |
|
| 906 |
_a7 _bcbc _ccopycat _d2 _encip _f20 _gy-gencatlg |
||
| 942 |
_2ddc _cBK |
||
| 999 |
_c38865 _d38865 |
||